[Event "Match"]
[Site "www.echecsemail.com"]
[Date "2016.11.30"]
[Round "1"]
[White "Billyg"]
[Black "Raulazo"]
[WhiteElo "1740"]
[BlackElo "1890"]
[Result "1-0"]
[Round "1"]
1.e4 e5
2.d4 exd4
3.Qd1xd4 Nb8c6
4.Qd4e3 a5
5.Ng1f3 b6
6.c3 Bf8c5
7.Qe3f4 h6
8.Bf1c4 Qd8f6
9.Qf4xf6 Ng8xf6
10.e5 O-O
11.exf6 Rf8e8
12.Kf1 gxf6
13.Bc1d2 a4
14.Bd2xh6 d6
15.b4 axb3
16.Bc4xb3 Kh7
17.Bh6d2 Kg7
18.Bb3d5 Bc8b7
19.c4 Nc6d8
20.Bd5xb7 Nd8xb7
21.Nb1c3 c6
22.h4 Re8h8
23.g4 Ra8g8
24.g5 Nb7a5
25.Rh1g1 f5
26.Nc3a4 Na5xc4
27.Bd2c3 f6
28.Bc3xf6 Kh7
29.Bf6xh8 Kxh8
30.Na4xc5 bxc5
31.Ra1c1 Nc4b2
32.Rc1b1 Nb2c4
33.g6 f4
34.h5 Nc4a3
35.Rb1b7 c4
36.h6 c3
37.Rb7h7 { resign }
1-0

[Event "1/8 Finale"]
[Site "www.chess-mail.com"]
[Date "2016.11.30"]
[Round "1"]
[White "Jose"]
[Black "Paaliaq"]
[WhiteElo "2760"]
[BlackElo "2610"]
[Result "1/2-1/2"]
[Round "1"]
1.e4 c5
2.Ng1f3 e6
3.d4 cxd4
4.Nf3xd4 a6
5.Nb1c3 b5
6.Bf1d3 Bc8b7
7.O-O Qd8c7
8.Rf1e1 Ng8f6
9.e5 Nf6d5
10.Nc3xd5 Bb7xd5
11.a4 b4
12.Qd1g4 h5
13.Qg4g5 Nb8c6
14.Nd4xc6 Qc7xc6
15.h3 Bf8e7
16.Qg5g3 a5
17.Bc1e3 g6
18.Re1d1 Ra8c8
19.Rd1d2 Qc6c7
20.Bd3a6 h4
21.Qg3f4 Rc8d8
22.Ba6e2 Qc7b7
23.Rd2xd5 exd5
24.Be3d4 Rh8h7
25.c4 bxc3
26.bxc3 Rd8c8
27.Be2d3 Qb7c7
28.Ra1b1 Rc8b8
29.Rb1d1 Rb8b3
30.Qf4e3 Kf8
31.Bd3b5 Rh7h5
32.f4 Be7b4
33.Rd1c1 Bb4a3
34.Rc1f1 Ba3b4
35.Rf1f3 Kg8
36.Bb5e2 Qc7c6
37.Kh2 Bb4e7
38.Be2b5 Rb3xb5
39.axb5 Qc6xb5
40.Rf3f2 Rh5f5
41.Qe3c1 Kh7
42.Qc1b2 Qb5c4
43.Rf2f3 Qc4c7
44.Qb2b5 d6
45.Rf3e3 dxe5
46.Bd4xe5 Qc7d8
47.Re3d3 Be7g5
48.Rd3d4 Bg5xf4
49.Rd4xf4 Rf5xe5
50.Qb5b7 Re5e7
{ draw }
1/2-1/2

[Event "1/128 Finale"]
[Site "www.chess-mail.com"]
[Date "2016.11.30"]
[Round "1"]
[White "Servant"]
[Black "Mitja"]
[WhiteElo "1690"]
[BlackElo "1970"]
[Result "1-0"]
[Round "1"]
1.d4 d5
2.Bc1f4 e6
3.e3 a6
4.Ng1f3 h6
5.Nb1d2 Ng8e7
6.Bf1d3 Nb8d7
7.O-O b6
8.c4 Bc8b7
9.Qd1e2 dxc4
10.Nd2xc4 Ne7g6
11.Bd3xg6 fxg6
12.Nc4e5 Nd7xe5
13.Nf3xe5 g5
14.Qe2h5 Ke7
15.Qh5f7 Kd6
16.Bf4g3 Kd5
17.Qf7f3 { resign }
1-0

[Event "Tourn. n9057"]
[Site "www.chess-mail.com"]
[Date "2016.12.01"]
[Round "1"]
[White "Foxy100"]
[Black "Orhany24"]
[WhiteElo "2340"]
[BlackElo "2220"]
[Result "0-1"]
[Round "1"]
1.e4 c5
2.Ng1f3 Nb8c6
3.d4 cxd4
4.Nf3xd4 e6
5.Nb1c3 d5
6.exd5 exd5
7.Bc1e3 Ng8f6
8.Bf1b5 Bc8d7
9.O-O Bf8d6
10.Be3g5 O-O
11.Nc3xd5 Bd6e5
12.Nd5xf6 Be5xf6
13.Nd4xc6 Bd7xc6
14.Bb5xc6 bxc6
{ resign }
0-1

[Event "Tourn. n9011"]
[Site "www.chess-mail.com"]
[Date "2016.12.01"]
[Round "1"]
[White "Joseph1983"]
[Black "Andychesston"]
[WhiteElo "2130"]
[BlackElo "2030"]
[Result "1-0"]
[Round "1"]
1.d4 d5
2.c4 Ng8f6
3.cxd5 Nf6xd5
4.e4 Nd5f6
5.Nb1c3 e5
6.d5 Bf8b4
7.Qd1e2 Nb8d7
8.g3 Nd7c5
9.Qe2b5 Qd8d7
10.Qb5xb4 b6
11.Bf1b5 O-O
12.Qb4xc5 bxc5
13.Bb5xd7 Bc8xd7
14.Bc1e3 c4
15.Ng1f3 Nf6g4
16.Be3c5 Rf8b8
17.h3 Ng4f6
18.Nf3xe5 Rb8xb2
19.Bc5a3 Rb2c2
20.Ra1c1 Rc2xc1
21.Ba3xc1 Ra8e8
22.Ne5xd7 Nf6xd7
23.f4 Nd7f6
24.e5 Nf6d7
25.Nc3b5 Re8b8
26.Nb5xc7 Rb8b1
27.Kd1 Nd7c5
28.Kc2 Rb1b7
29.d6 Nc5e4
30.Bc1a3 Ne4xg3
31.Rh1b1 { resign }
1-0

[Event "Tourn. n9000"]
[Site "www.chess-mail.com"]
[Date "2016.12.01"]
[Round "1"]
[White "Cersav"]
[Black "Bjonil60"]
[WhiteElo "1419"]
[BlackElo "1400"]
[Result "0-1"]
[Round "1"]
1.e4 Nb8c6
2.Nb1c3 e6
3.d3 Qd8e7
4.Nc3b5 a6
5.Nb5xc7 Kd8
6.Nc7xa8 b5
7.Na8b6 Bc8b7
8.Ng1f3 h6
9.d4 Kc7
10.d5 exd5
11.Nb6xd5 Kd8
12.Nd5xe7 Bf8xe7
13.Bf1d3 f6
 { time }
0-1

[Event "Tourn. n9029"]
[Site "www.chess-mail.com"]
[Date "2016.12.01"]
[Round "1"]
[White "Falcoale"]
[Black "Nulladies"]
[WhiteElo "1760"]
[BlackElo "1820"]
[Result "1-0"]
[Round "1"]
1.e4 c5
2.Ng1f3 g6
3.b3 Bf8g7
4.c3 Nb8c6
5.Bc1b2 Ng8f6
6.d3 O-O
7.Nb1d2 d6
8.Bf1e2 b6
9.O-O Bc8b7
10.Nd2c4 b5
11.Nc4e3 Qd8d7
12.h3 Nf6h5
13.Nf3g5 h6
14.Be2xh5 hxg5
15.Bh5g4 e6
16.Ra1b1 f5
17.exf5 exf5
18.Bg4e2 Nc6e7
19.d4 f4
20.Ne3g4 Qd7c6
21.Be2f3 Qc6b6
22.d5 Rf8e8
23.c4 bxc4
24.Bb2xg7 Kxg7
25.g3 cxb3
26.Rb1xb3 Qb6a6
27.Qd1b1 Bb7xd5
28.Bf3xd5 Ne7xd5
29.Qb1b2 Kh7
30.Rf1d1 Nd5b4
31.Ng4f6 Kh6
32.Nf6xe8 Ra8xe8
33.a3 Re8e2
34.Qb2h8 { resign }
1-0

[Event "Tourn. n8927"]
[Site "www.chess-mail.com"]
[Date "2016.12.01"]
[Round "1"]
[White "Gearoidmac"]
[Black "Nimzo"]
[WhiteElo "2370"]
[BlackElo "2840"]
[Result "1-0"]
[Round "1"]
1.e4 e5
2.Ng1f3 Nb8c6
3.Bf1b5 Ng8f6
4.d3 Bf8c5
5.Bb5xc6 dxc6
6.h3 Nf6d7
7.Nb1d2 O-O
8.O-O Rf8e8
9.Nd2c4 f6
10.Bc1e3 Bc5f8
11.Qd1e2 Nd7c5
12.Ra1d1 Qd8e7
13.Be3xc5 Qe7xc5
14.d4 exd4
15.Nf3xd4 Bc8d7
{ time. }
1-0

[Event "Tourn. n9022"]
[Site "www.chess-mail.com"]
[Date "2016.12.01"]
[Round "1"]
[White "Foxy100"]
[Black "Tartan"]
[WhiteElo "2310"]
[BlackElo "2460"]
[Result "0-1"]
[Round "1"]
1.e4 c5
2.Ng1f3 e6
3.d4 cxd4
4.Nf3xd4 Nb8c6
5.Nb1c3 a6
6.Bf1e2 Ng8e7
7.Bc1e3 Nc6xd4
8.Qd1xd4 b5
9.O-O Ne7c6
10.Qd4d2 Bf8e7
11.a3 O-O
12.Be3f4 d6
13.Rf1d1 Nc6e5
14.b4 Bc8b7
15.a4 bxa4
16.Ra1xa4 Qd8c8
17.Bf4e3 Qc8c7
18.f3 Rf8c8
19.Be3d4 Ne5g6
20.b5 axb5
21.Ra4xa8 Bb7xa8
22.Be2d3 b4
23.Nc3b5 Qc7d7
{ resign }
0-1

[Event "Tourn. n9087"]
[Site "www.chess-mail.com"]
[Date "2016.12.01"]
[Round "1"]
[White "Cristiano"]
[Black "Norlavuaram"]
[WhiteElo "2010"]
[BlackElo "2230"]
[Result "1-0"]
[Round "1"]
1.e4 e5
2.f4 exf4
3.Ng1f3 d6
4.Bf1c4 h6
5.d4 g5
6.h4 Bf8g7
7.c3 Nb8c6
8.Nb1a3 Bc8g4
9.hxg5 hxg5
10.Rh1xh8 Bg7xh8
11.Qd1b3 Qd8e7
12.Qb3xb7 Qe7xe4
13.Kf2 Ra8b8
14.Qb7xc7 Ng8e7
15.Bc4xf7 Kf8
16.Qc7xd6 Bg4xf3
17.gxf3 Qe4h7
18.Bf7c4 Qh7h2
19.Ke1 Qh2g3
20.Kd2 Qg3xf3
21.Qd6h6 Bh8g7
22.Qh6xg5 Qf3e3
23.Kd1 Qe3f3
24.Bc4e2 Qf3h1
25.Kc2 Bg7h6
26.Qg5f6 Ke8
27.Qf6h8 Kd7
28.Be2g4 { resign }
1-0

[Event "Tourn. n9019"]
[Site "www.chess-mail.com"]
[Date "2016.12.01"]
[Round "1"]
[White "Osopanda"]
[Black "Julian"]
[WhiteElo "1990"]
[BlackElo "2020"]
[Result "1/2-1/2"]
[Round "1"]
1.d4 d5
2.c4 e6
3.Nb1c3 Ng8f6
4.Bc1g5 Bf8e7
5.Ng1f3 c6
6.e3 Nb8d7
7.cxd5 exd5
8.Bf1d3 O-O
9.O-O Rf8e8
10.Qd1c2 h6
11.Bg5h4 Nd7f8
12.Ra1e1 Bc8g4
13.Nf3e5 Bg4e6
14.f4 Be6g4
15.Ne5xg4 Nf6xg4
16.Bh4xe7 Qd8xe7
17.e4 Qe7h4
18.g3 Qh4f6
19.e5 Qf6d8
20.h3 Ng4xe5
21.fxe5 Nf8e6
22.Nc3e2 Ra8c8
23.Ne2f4 Qd8g5
24.Qc2g2 Ne6xd4
25.e6 Nd4xe6
26.Nf4xe6 fxe6
27.Rf1f4 e5
28.Rf4g4 Qg5f6
29.Re1f1 Qf6d6
30.Bd3g6 Re8f8
31.Qg2c2 Rf8xf1
32.Kxf1 Rc8f8
33.Kg2 e4
34.Qc2e2 Rf8f3
35.Bg6h5 g5
36.h4 Kh7
37.hxg5 hxg5
38.Rg4xg5 Qd6f6
39.Bh5xf3 exf3
40.Qe2xf3 Qf6xg5
41.Qf3f7 Qg5g7
42.Qf7f5 Qg7g6
43.Qf5d7 Qg6g7
44.Qd7h3 { draw }
1/2-1/2

[Event "Tourn. n9042"]
[Site "www.chess-mail.com"]
[Date "2016.12.01"]
[Round "1"]
[White "Osopanda"]
[Black "Guidom"]
[WhiteElo "2050"]
[BlackElo "2150"]
[Result "1/2-1/2"]
[Round "1"]
1.d4 d5
2.c4 Ng8f6
3.Nb1c3 e6
4.Bc1g5 Nb8d7
5.e3 c6
6.Ng1f3 Bf8e7
7.cxd5 exd5
8.Bf1d3 O-O
9.O-O h6
10.Bg5h4 Nd7b6
11.Nf3e5 g5
12.Bh4g3 Nb6d7
13.f4 Nd7xe5
14.fxe5 Bc8g4
15.Qd1c2 Nf6h5
16.Bd3h7 Kg7
17.Bh7d3 Nh5xg3
18.hxg3 Qd8d7
19.e4 dxe4
20.Nc3xe4 Qd7xd4
21.Kh2 Qd4xe5
22.Ra1e1 Be7d6
23.Ne4xd6 Qe5xd6
24.Bd3c4 f6
25.Re1e4 h5
26.Bc4e2 Bg4xe2
27.Qc2xe2 h4
28.Rf1f3 hxg3
29.Kg1 Qd6c5
30.Kf1 Qc5c1
31.Qe2e1 Qc1xb2
32.Re4e7 Kh8
33.Qe1xg3 Qb2b5
{ draw }
1/2-1/2

[Event "Tourn. n8927"]
[Site "www.chess-mail.com"]
[Date "2016.12.01"]
[Round "1"]
[White "Nimzo"]
[Black "Szustan"]
[WhiteElo "2810"]
[BlackElo "2620"]
[Result "0-1"]
[Round "1"]
1.d4 d5
2.c4 dxc4
3.e4 e5
4.Ng1f3 exd4
5.Bf1xc4 Bf8b4
6.Nb1d2 Nb8c6
7.O-O Ng8f6
8.e5 Nf6d5
9.Nd2b3 Nd5b6
10.Bc4b5 O-O
11.Bb5xc6 bxc6
12.Bc1g5 Bb4e7
13.Bg5xe7 Qd8xe7
14.Ra1c1 Bc8g4
15.Nb3xd4 Bg4xf3
16.Nd4xf3 c5
17.Qd1c2 Nb6d7
18.Rf1e1 h6
19.Nf3d2 Rf8d8
20.Re1e2 Nd7f8
21.Qc2xc5 Qe7e6
22.Qc5c4 h5
23.h4 Rd8d5
24.Qc4xc7 { time. }
0-1

[Event "Tourn. n9046"]
[Site "www.chess-mail.com"]
[Date "2016.12.01"]
[Round "1"]
[White "Malbertan"]
[Black "Julian"]
[WhiteElo "2050"]
[BlackElo "1970"]
[Result "1/2-1/2"]
[Round "1"]
1.e4 e5
2.Bf1c4 Ng8f6
3.d4 exd4
4.Ng1f3 d6
5.O-O c5
6.e5 dxe5
7.Nf3xe5 Bc8e6
8.Rf1e1 Bf8e7
9.Bc1g5 O-O
10.Bc4xe6 fxe6
11.Ne5f3 Nb8c6
12.Qd1e2 e5
13.Nf3xe5 Nc6xe5
14.Qe2xe5 Be7d6
15.Qe5e6 Kh8
16.Nb1a3 Rf8e8
17.Qe6xe8 Qd8xe8
18.Re1xe8 Ra8xe8
19.Bg5xf6 gxf6
20.Kf1 a6
21.Ra1e1 Re8xe1
22.Kxe1 Kg7
23.Na3c4 Bd6c7
24.Ke2 b5
25.Nc4d2 f5
26.h3 Kf6
27.Nd2f3 h5
28.Kd3 { draw }
1/2-1/2

[Event "Tourn. n9074"]
[Site "www.chess-mail.com"]
[Date "2016.12.01"]
[Round "1"]
[White "Bojan"]
[Black "Roque1"]
[WhiteElo "2010"]
[BlackElo "1800"]
[Result "0-1"]
[Round "1"]
1.e4 c5
2.Ng1f3 e6
3.a3 Ng8f6
4.Nb1c3 d5
5.e5 Nf6d7
6.d4 cxd4
7.Qd1xd4 Nb8c6
8.Qd4f4 Qd8c7
9.Bc1d2 Nd7xe5
10.Nf3xe5 Nc6xe5
11.Bf1b5 Kd8
12.Bd2e3 Bc8d7
13.Bb5xd7 Kxd7
14.O-O Bf8d6
15.Be3d4 f6
16.Nc3b5 Qc7b8
17.Qf4g3 g5
18.Rf1e1 Ne5c6
19.Qg3xd6 Qb8xd6
20.Nb5xd6 Nc6xd4
21.Ra1d1 Nd4xc2
22.Re1e2 Nc2xa3
23.Nd6xb7 Na3c4
24.Nb7c5 Kd6
25.b4 e5
26.Re2a2 Rh8b8
27.Nc5e4 Ke6
28.Ne4c5 Kd6
29.Rd1b1 a5
30.Nc5d3 e4
31.Nd3b2 Rb8xb4
32.Nb2xc4 Rb4xc4
33.f3 e3
34.Kf1 d4
35.Ke2 Rc4c3
36.Rb1b5 a4
37.g3 Rc3c5
38.Rb5b6 Ke5
39.Kd3 Rc5c3
40.Ke2 a3
41.Rb6b5 Ke6
42.Rb5b1 Ra8c8
43.Kd1 d3
44.h3 d2
{ resign }
0-1

[Event "Match"]
[Site "www.echecsemail.com"]
[Date "2016.12.01"]
[Round "1"]
[White "Obisporey"]
[Black "Nimzo"]
[WhiteElo "2620"]
[BlackElo "2780"]
[Result "1-0"]
[Round "1"]
1.e4 e5
2.Ng1f3 Nb8c6
3.Bf1b5 Ng8f6
4.d3 Bf8c5
5.Bb5xc6 dxc6
6.h3 Nf6d7
7.Bc1e3 Bc5d6
8.Nb1d2 O-O
9.O-O Rf8e8
10.c3 c5
11.Nd2c4 b6
12.Be3g5 f6
13.Nc4xd6 cxd6
{ time. }
1-0

[Event "Match"]
[Site "www.echecsemail.com"]
[Date "2016.12.01"]
[Round "1"]
[White "Worldnumber1"]
[Black "Ericleo1980"]
[WhiteElo "1809"]
[BlackElo "2250"]
[Result "0-1"]
[Round "1"]
1.Ng1f3 d5
2.d4 Ng8f6
3.h3 c6
4.a3 Bc8f5
5.c3 Qd8c7
6.Bc1g5 Nb8d7
7.Bg5xf6 Nd7xf6
8.Nb1d2 e6
9.e3 Bf8d6
10.b4 a6
11.a4 O-O
 { time }
0-1

[Event "Match"]
[Site "www.echecsemail.com"]
[Date "2016.12.01"]
[Round "1"]
[White "Worldnumber1"]
[Black "Gimmyg"]
[WhiteElo "1809"]
[BlackElo "2490"]
[Result "0-1"]
[Round "1"]
1.e4 c5
2.Ng1f3 e6
3.d4 cxd4
4.Nf3xd4 Nb8c6
5.Nb1c3 Ng8f6
6.Nd4b5 d6
7.Bc1g5 Bf8e7
8.f4 a6
9.Nb5d4 O-O
10.Bf1d3 Nc6xd4
11.Bg5xf6 Be7xf6
12.f5 exf5
13.exf5 Rf8e8
14.Nc3e4 Bc8xf5
 { time }
0-1

[Event "Match"]
[Site "www.echecsemail.com"]
[Date "2016.12.01"]
[Round "1"]
[White "Liencam2"]
[Black "Joseph1983"]
[WhiteElo "2310"]
[BlackElo "2180"]
[Result "1-0"]
[Round "1"]
1.e4 e6
2.Qd1e2 c5
3.Ng1f3 Nb8c6
4.c3 d6
5.g3 Ng8f6
6.Bf1g2 Bf8e7
7.O-O O-O
8.d4 cxd4
9.cxd4 Bc8d7
10.Nb1c3 Qd8a5
11.Bc1d2 Qa5b6
12.Bd2e3 Nf6g4
13.d5 Ng4xe3
14.dxc6 Ne3xf1
15.cxd7 Nf1xg3
16.hxg3 Rf8d8
17.Bg2h3 Rd8xd7
18.Nc3d5 Qb6d8
19.Nd5e3 Rd7c7
20.Kg2 Ra8c8
21.Ra1d1 a6
22.Nf3d4 Qd8d7
23.Ne3d5 { resign }
1-0

[Event "Match"]
[Site "www.echecsemail.com"]
[Date "2016.12.01"]
[Round "1"]
[White "Whitekknight"]
[Black "Sonny1000"]
[WhiteElo "1960"]
[BlackElo "1340"]
[Result "1-0"]
[Round "1"]
1.e4 e5
2.Ng1f3 f6
3.d4 Nb8c6
4.d5 Nc6b4
5.a3 Nb4a6
6.Bf1xa6 bxa6
7.O-O Bf8c5
8.Nb1c3 g5
9.h3 Bc5d4
10.Nc3e2 g4
11.Nf3xd4 exd4
12.hxg4 f5
13.Qd1xd4 Qd8f6
14.gxf5 Qf6xd4
15.Ne2xd4 h5
16.g3 h4
17.g4 h3
18.Kh2 Ra8b8
19.Rf1g1 Ng8f6
20.f3 Kf7
21.b3 Bc8b7
22.Bc1f4 Rb8c8
23.Rg1g3 Rc8g8
24.Bf4xc7 Nf6e8
25.Bc7b8 Rg8g5
26.Bb8xa7 Ne8c7
27.Ba7c5 Kf6
28.Nd4e2 Ke5
29.Bc5d4 Kd6
30.Bd4xh8 Bb7xd5
31.exd5 Nc7xd5
32.Ra1d1 Kc5
33.Rg3xh3 Rg5g8
34.Bh8d4 Kb5
35.Ne2c3 Nd5xc3
36.Bd4xc3 Rg8e8
37.Rd1e1 Re8xe1
38.Bc3xe1 Kc6
39.f4 Kd6
40.Rh3e3 Kd5
41.f6 { resign }
1-0

[Event "Match"]
[Site "www.echecsemail.com"]
[Date "2016.12.01"]
[Round "1"]
[White "Bojan"]
[Black "Jobeye"]
[WhiteElo "2050"]
[BlackElo "1809"]
[Result "0-1"]
[Round "1"]
1.e4 e6
2.d4 d5
3.exd5 exd5
4.Qd1f3 Nb8c6
5.c3 Bc8e6
6.Bf1d3 h6
7.Ng1e2 Ng8f6
8.h3 Bf8d6
9.Ne2f4 Qd8d7
10.O-O O-O-O
11.Nf4xe6 Qd7xe6
12.Rf1e1 Qe6xe1
{ resign }
0-1

[Event "Match"]
[Site "www.echecsemail.com"]
[Date "2016.12.01"]
[Round "1"]
[White "Genius3"]
[Black "Paco"]
[WhiteElo "1650"]
[BlackElo "1900"]
[Result "0-1"]
[Round "1"]
1.Nb1c3 d5
2.d4 Ng8f6
3.Bc1g5 Nf6e4
4.Nc3xe4 dxe4
5.e3 f6
6.Bg5h4 Bc8f5
7.Bh4g3 Qd8d5
8.c4 Qd5a5
9.Qd1d2 Qa5xd2
10.Kxd2 Nb8a6
11.a3 O-O-O
12.Kc3 h5
13.h3 h4
14.b4 hxg3
15.fxg3 c6
16.c5 Na6c7
17.Bf1c4 e5
18.Ng1e2 exd4
19.Ne2xd4 Bf5g6
20.Nd4e6 Nc7xe6
21.Bc4xe6 Kc7
22.Be6c4 f5
{ resign }
0-1

[Event "Match"]
[Site "www.echecsemail.com"]
[Date "2016.12.01"]
[Round "1"]
[White "Numanoid"]
[Black "Jaguar91"]
[WhiteElo "2390"]
[BlackElo "2230"]
[Result "1-0"]
[Round "1"]
1.e4 e6
2.d4 d5
3.e5 c5
4.c3 Nb8c6
5.Ng1f3 Qd8b6
6.Bf1e2 Ng8h6
7.Bc1xh6 Qb6xb2
8.Bh6e3 Qb2xa1
9.Qd1c2 cxd4
10.Nf3xd4 Nc6xd4
11.Be3xd4 Bf8a3
12.Be2b5 Kd8
13.O-O Qa1b2
14.Qc2a4 Ba3e7
15.Qa4a5 b6
16.Bd4xb6 { resign }
1-0

[Event "Match"]
[Site "www.echecsemail.com"]
[Date "2016.12.01"]
[Round "1"]
[White "Mdesouza"]
[Black "Nimzo"]
[WhiteElo "2330"]
[BlackElo "2810"]
[Result "1-0"]
[Round "1"]
1.e4 e5
2.Ng1f3 Nb8c6
3.Bf1b5 a6
4.Bb5xc6 dxc6
5.O-O Bc8g4
6.h3 h5
7.d3 Qd8f6
8.Nb1d2 Ng8e7
9.Nd2c4 Bg4xf3
10.Qd1xf3 Qf6xf3
11.gxf3 Ne7g6
12.Bc1e3 O-O-O
13.Kh2 Bf8e7
14.Rf1g1 Be7f6
15.Be3g5 Rh8g8
16.Bg5xf6 gxf6
17.Nc4e3 Ng6f4
18.Ne3f5 Kd7
19.Ra1e1 a5
20.Rg1g3 Rg8g6
21.Nf5h4 Rg6g5
22.Nh4f5 Rg5g6
23.Nf5h4 Rg6g5
24.Nh4f5 c5
25.Re1g1 Rg5g6
26.Nf5h4 Rg6h6
27.Rg3g8 Rh6h8
28.Rg8xd8 Kxd8
29.b3 Nf4e6
30.Nh4f5 Kd7
31.a4 b6
32.h4 c6
33.Kh3 Rh8b8
34.Nf5e3 Kc7
35.Kh2 b5
36.Rg1a1 Rb8a8
37.Ra1g1 Kd6
38.Ne3f5 Kd7
39.Kh3 Kc7
40.Nf5e3 Kb7
41.Kh2 Kc7
42.Kh3 Ra8f8
43.Rg1a1 Kb6
44.Kh2 Ka6
{ time. }
1-0

[Event "Match"]
[Site "www.echecsemail.com"]
[Date "2016.12.01"]
[Round "1"]
[White "Nimzo"]
[Black "Micheles"]
[WhiteElo "2780"]
[BlackElo "2570"]
[Result "0-1"]
[Round "1"]
1.d4 Ng8f6
2.c4 g6
3.Nb1c3 d5
4.Ng1f3 Bf8g7
5.Qd1b3 dxc4
6.Qb3xc4 O-O
7.e4 a6
8.Bf1e2 b5
9.Qc4b3 Bc8b7
10.e5 Nf6d5
11.O-O c5
12.dxc5 Nb8d7
13.Nc3xd5 Nd7xc5
14.Nd5xe7 Qd8xe7
15.Qb3a3 Rf8e8
16.Bc1g5 Qe7f8
17.Bg5d2 Bg7xe5
18.Nf3xe5 Re8xe5
19.Rf1e1 { time. }
0-1

[Event "Match"]
[Site "www.echecsemail.com"]
[Date "2016.12.01"]
[Round "1"]
[White "Guidom"]
[Black "Worldnumber1"]
[WhiteElo "2140"]
[BlackElo "1809"]
[Result "1-0"]
[Round "1"]
1.e4 c5
2.Ng1f3 d6
3.d4 cxd4
4.Nf3xd4 Ng8f6
5.Nb1c3 a6
6.Bf1d3 e6
7.Bc1g5 Bf8e7
8.O-O O-O
9.Kh1 Nb8d7
10.f4 Nd7c5
11.Qd1e2 d5
12.Bg5xf6 Be7xf6
13.e5 Bf6e7
14.f5 exf5
15.Bd3xf5 Bc8xf5
16.Nd4xf5 g6
17.Nf5xe7 Qd8xe7
18.Nc3xd5 Qe7e8
19.Nd5f6 Kg7
20.Nf6xe8 Ra8xe8
21.Ra1e1 Nc5e6
22.c3 f6
23.exf6 Rf8xf6
24.Rf1xf6 Kxf6
25.Qe2e5 Ke7
26.Qe5g7  { time }
1-0

[Event "1/64 Finale"]
[Site "www.chess-mail.com"]
[Date "2016.12.01"]
[Round "1"]
[White "Sik"]
[Black "Sandokam"]
[WhiteElo "1840"]
[BlackElo "2220"]
[Result "0-1"]
[Round "1"]
1.c4 c5
2.Nb1c3 g6
3.g3 Bf8g7
4.Bf1g2 Nb8c6
5.e4 a6
6.a4 d6
7.Qd1c2 Nc6d4
8.Qc2d1 Ng8f6
9.d3 O-O
10.Ng1e2 Bc8g4
11.h3 Bg4f3
12.O-O Bf3xg2
13.Kxg2 Nd4c6
14.Ra1b1 Nc6b4
15.Ne2f4 b6
16.Bc1d2 e5
17.Nf4d5 Nf6xd5
18.Nc3xd5 Nb4xd5
19.cxd5 b5
20.a5 Ra8c8
21.b4 c4
22.dxc4 Rc8xc4
23.Qd1f3 f5
24.exf5 Rf8xf5
25.Qf3b3 Qd8a8
26.Rb1c1 Qa8xd5
27.Kg1 Qd5xd2
28.Rc1xc4 bxc4
29.Qb3xc4 d5
30.Qc4xa6 e4
31.Qa6c8 Rf5f8
32.Qc8e6 Kh8
33.Qe6d6 e3
34.fxe3 Qd2xe3
35.Kg2 Qe3e2
 { time }
0-1

[Event "Tourn. n9000"]
[Site "www.chess-mail.com"]
[Date "2016.12.02"]
[Round "1"]
[White "Bjonil60"]
[Black "Jjmcbride"]
[WhiteElo "1400"]
[BlackElo "1440"]
[Result "1-0"]
[Round "1"]
1.Nb1c3 d5
2.e3 e5
3.a3 d4
4.Nc3a2 c5
5.b3 Ng8f6
6.h3 b6
7.Qd1e2 Bc8a6
8.d3 Bf8d6
9.Ng1f3 h6
10.g3 g5
11.g4 e4
12.Nf3h2 Bd6xh2
13.Rh1xh2 exd3
14.cxd3 O-O
15.e4 Rf8e8
16.Bf1g2 Nf6d5
17.exd5 Ba6xd3
18.Bg2e4 Re8xe4
{ time. }
1-0

[Event "Tourn. n9081"]
[Site "www.chess-mail.com"]
[Date "2016.12.02"]
[Round "1"]
[White "Bojan"]
[Black "Attatroll"]
[WhiteElo "2040"]
[BlackElo "1970"]
[Result "1-0"]
[Round "1"]
1.e4 d6
2.d4 Ng8f6
3.Nb1c3 g6
4.Bf1d3 Bf8g7
5.h3 O-O
6.f4 Nb8c6
7.Ng1f3 a6
8.Bc1e3 Bc8d7
9.g4 Nc6b4
10.Bd3e2 Nb4c6
11.f5 Nf6e8
12.d5 Nc6e5
13.Nf3g5 h6
14.Ng5f3 Ne5xf3
15.Be2xf3 Bg7xc3
16.bxc3 e6
17.Qd1d3 Qd8h4
18.Be3f2 Qh4g5
19.Bf2e3 Qg5h4
20.Ke2 Ne8f6
21.Ra1g1 exf5
22.Be3f2 Qh4g5
23.h4 Qg5f4
24.gxf5 Kg7
25.Bf2g3 Nf6xd5
26.exd5 Qf4a4
27.fxg6 Ra8e8
28.Kd2 fxg6
29.Rg1f1 Bd7b5
30.Qd3d4 Qa4xd4
31.cxd4 Bb5xf1
32.Rh1xf1 Rf8f5
33.c4 Re8f8
34.Ke2 Rf8e8
35.Kd3 Re8f8
36.Ke3 Rf8e8
37.Kf2 g5
38.hxg5 hxg5
39.Kg2 Kh6
40.Bg3e1 Kg6
41.Be1b4 Re8e3
42.c5 dxc5
43.dxc5 Rf5f4
44.Bb4d2 Re3xf3
45.Rf1xf3 Rf4xf3
46.Kxf3 Kf5
47.Bd2a5 b6
48.Ba5xb6 Ke5
49.Bb6xc7 Kxd5
50.Bc7d6 a5
51.Kg4 { resign }
1-0

[Event "Tourn. n9041"]
[Site "www.chess-mail.com"]
[Date "2016.12.02"]
[Round "1"]
[White "Caspito"]
[Black "Falcoale"]
[WhiteElo "1860"]
[BlackElo "1840"]
[Result "1-0"]
[Round "1"]
1.e4 c5
2.b3 Nb8c6
3.Bc1b2 e5
4.Bf1b5 a6
5.Bb5c4 Ng8f6
6.Ng1f3 b5
7.Bc4d5 Nf6xd5
8.exd5 Nc6a7
9.O-O d6
10.d3 Bc8b7
11.c4 b4
12.Nb1d2 Bf8e7
13.Nd2e4 O-O
14.a3 f5
15.Ne4g3 Na7c8
16.Qd1c2 Be7f6
17.axb4 cxb4
18.Ng3xf5 Nc8e7
19.Nf5xe7 Qd8xe7
20.Qc2d2 a5
21.Qd2e2 Ra8e8
22.Ra1xa5 e4
23.Bb2xf6 Rf8xf6
24.dxe4 Qe7xe4
25.Qe2xe4 Re8xe4
26.Ra5b5 Rf6f8
27.Rb5xb7 Re4g4
28.Nf3e1 Rf8a8
29.Ne1f3 Rg4e4
30.Nf3g5 Re4d4
31.Rb7xb4 h6
32.Ng5e6 Rd4d3
33.Rb4b7 Ra8a3
34.b4 Ra3c3
35.c5 Rd3xd5
36.h3 dxc5
37.b5 Rc3b3
38.b6 c4
39.Rf1a1 c3
40.Rb7xg7 Kh8
41.Ra1a8 { resign }
1-0

[Event "Tourn. n9040"]
[Site "www.chess-mail.com"]
[Date "2016.12.02"]
[Round "1"]
[White "Vasylpuzanov"]
[Black "Jjmcbride"]
[WhiteElo "1530"]
[BlackElo "1430"]
[Result "0-1"]
[Round "1"]
1.e4 e5
2.f4 d6
3.Ng1f3 d5
4.exd5 e4
5.Nf3g5 Ng8f6
6.Nb1c3 Nf6xd5
7.Ng5xe4 Nd5xf4
 { time }
0-1

[Event "Tourn. n9084"]
[Site "www.chess-mail.com"]
[Date "2016.12.02"]
[Round "1"]
[White "Guidom"]
[Black "Norlavuaram"]
[WhiteElo "2150"]
[BlackElo "2290"]
[Result "1-0"]
[Round "1"]
1.e4 e5
2.Ng1f3 Nb8c6
3.Bf1b5 a6
4.Bb5a4 Ng8f6
5.O-O Bf8e7
6.d3 b5
7.Ba4b3 O-O
8.Bc1g5 d6
9.Nb1d2 Nc6a5
10.Qd1e2 Na5xb3
11.axb3 c5
12.c4 b4
13.Nf3h4 h6
14.Bg5xf6 Be7xf6
15.Nh4f5 Kh7
16.Qe2h5 Bf6g5
17.Qh5e2 g6
18.Nf5e3 f5
19.Ne3d5 Bc8e6
20.f4 exf4
21.Nd5xf4 Be6g8
22.Nf4d5 Rf8e8
23.Nd2f3 Bg5f6
24.Rf1e1 fxe4
25.dxe4 Bf6g7
26.Ra1d1 Qd8b8
27.Qe2c2 Re8f8
28.Nf3h4 Bg7e5
29.Nd5e7 Bg8f7
30.Ne7c6 Qb8e8
31.Nc6xe5 dxe5
32.Re1e3 Qe8e7
33.Nh4f3 Rf8d8
34.Re3d3 Rd8xd3
35.Qc2xd3 Ra8a7
36.Qd3d6 Qe7xd6
37.Rd1xd6 Ra7e7
38.Kf2 a5
39.Rd6a6 Bf7e8
40.Ra6xa5 Be8c6
41.Ke3 Kg7
42.Ra5xc5 Bc6e8
43.Rc5xe5 Kf6
44.Re5xe7 Kxe7
45.Kd4 Ke6
46.Nf3e5 Kd6
47.Ne5d3 { resign }
1-0

[Event "Tourn. n9021"]
[Site "www.chess-mail.com"]
[Date "2016.12.02"]
[Round "1"]
[White "Falcoale"]
[Black "Nulladies"]
[WhiteElo "1710"]
[BlackElo "1820"]
[Result "1-0"]
[Round "1"]
1.e4 c5
2.Ng1f3 g6
3.d4 cxd4
4.Nf3xd4 Bf8g7
5.c3 Nb8c6
6.Bc1e3 e5
7.Nd4xc6 bxc6
8.Bf1d3 Ng8f6
9.O-O d5
10.exd5 Nf6xd5
11.Bd3c4 O-O
12.Be3c5 Rf8e8
13.Nb1d2 Nd5f4
14.Qd1b3 Nf4e6
15.Nd2e4 Ne6xc5
16.Ne4xc5 Qd8b6
17.Bc4xf7 Kh8
18.Bf7xe8 Qb6xc5
19.Be8f7 Qc5b6
20.Qb3c2 c5
21.Ra1d1 Bc8f5
22.Qc2d2 Ra8f8
23.Bf7d5 Rf8d8
24.Qd2g5 Bg7f6
25.Qg5c1 Kg7
26.Bd5b3 Rd8c8
27.Bb3c2 Bf5e6
28.a3 a5
29.Bc2e4 Be6b3
30.Rd1d2 h6
31.Rd2d7 Bb3f7
32.b4 cxb4
33.axb4 axb4
34.Be4d5 Rc8c7
35.Rd7xc7 Qb6xc7
36.Bd5xf7 Kxf7
37.cxb4 Qc7xc1
38.Rf1xc1 Bf6g5
39.Rc1b1 Bg5e7
40.b5 Be7d6
41.b6 Bd6b8
42.b7 Ke7
43.Rb1d1 e4
44.Rd1e1 Kd7
45.Re1xe4 Bb8d6
46.Re4d4 Kc7
47.Rd4e4 Kxb7
48.Re4e6 Kc7
49.Re6xg6 Bd6f4
50.g3 { resign }
1-0

[Event "Tourn. n9007"]
[Site "www.chess-mail.com"]
[Date "2016.12.02"]
[Round "1"]
[White "Falcoale"]
[Black "Cal"]
[WhiteElo "1710"]
[BlackElo "1680"]
[Result "1-0"]
[Round "1"]
1.e4 e5
2.Ng1f3 d6
3.Bf1c4 c6
4.O-O h6
5.d4 exd4
6.Nf3xd4 Ng8f6
7.Nb1c3 b5
8.Bc4e2 b4
9.Nc3b1 a5
10.Be2f3 Bc8a6
11.Rf1e1 Bf8e7
12.e5 dxe5
13.Bf3xc6 Nb8xc6
14.Nd4xc6 Qd8xd1
15.Re1xd1 Be7c5
16.Nc6xe5 O-O
17.a3 Ba6e2
18.Rd1e1 Be2h5
19.Nb1d2 Rf8e8
20.Ne5f3 Bh5xf3
21.Nd2xf3 Re8xe1
22.Nf3xe1 Ra8e8
23.Kf1 Nf6g4
24.Ne1d3 Bc5b6
25.Bc1f4 f5
26.h3 Ng4f6
27.axb4 Nf6e4
28.bxa5 Bb6a7
29.b4 g5
30.Bf4c7 Ne4d2
31.Kg1 Re8e2
32.Bc7b6 Ba7xb6
33.axb6 Nd2c4
34.b7 Re2xc2
35.b8Q Kg7
36.Ra1a6 Rc2e2
37.Qb8c7 Kf8
38.Qc7xc4 Re2d2
39.Ra6a7 Rd2d1
40.Kh2 Rd1xd3
41.Qc4c8 Rd3d8
42.Qc8xd8 { resign }
1-0